000 005120000a22001930004500
020 _a0-301-05601-6
041 0 _aSPA
082 0 4 _aG 286.7 C227b
100 1 _aCanright, D.M.
245 1 0 _aEl adventismo del séptimo día / D. M. Canright; F. Correa G., Traductor
250 _a6
260 _a[S.L] : Casa Bautista de Publicaciones
300 _a92 Pag
001 10047
942 _cBK
999 _c39803
_d39803
336 _atexto
_btxt
_2rdacontent
337 _2rdamedia
_asin mediación
_bn
338 _2rdacarrier
_avolumen
_bnc